Statistiche per Riconosci lo Stato - Quiz n°173

Clicka qui per fare il quiz!

Statistiche generali

  • Questo quiz è stato fatto 7 volte
  • Il punteggio medio è 10 su 12

Statistiche sulle risposte

IndizioRisposta% Corretto
ValutaRand
100%
Fuso OrarioUTC+2
100%
ISU0,713
83%
Superficie1 219 090 km²
83%
Tasso di crescita1,28%
83%
Indipendenza31 maggio 1961 dal Regno Unito
83%
PIL (nominale)426 166 milioni di $
83%
Popolazione60 603 862 ab.
83%
Iniziali delle CapitaliB / C / P
83%
Presidente della RepubblicaCyril Ramaphosa
83%
Forma di GovernoRepubblica parlamentare mista
83%
RispostaSudafrica
83%

Distribuzione punteggi

Percentile per numero di risposta

Percentuale di utenti per punteggio

I tuoi punteggi nel tempo

Non hai fatto questo quiz